| 000 -LEADER |
| fixed length control field |
00309nam a22001337a 4500 |
| 008 - FIXED-LENGTH DATA ELEMENTS--GENERAL INFORMATION |
| fixed length control field |
171107b xxu||||| |||| 00| 0 eng d |
| 020 ## - INTERNATIONAL STANDARD BOOK NUMBER |
| International Standard Book Number |
9780072478778 |
| 041 ## - LANGUAGE CODE |
| Language code of text/sound track or separate title |
eng |
| 080 ## - UNIVERSAL DECIMAL CLASSIFICATION NUMBER |
| Edition identifier |
3RD |
| Universal Decimal Classification number |
721.053 |
| 100 ## - Rafti |
| Rafti |
62 |
| 101 ## - Shkurtesa |
| Shkurtesa |
AUD |
| 245 ## - TITLE STATEMENT |
| Title |
AUDITING & ASSURANCE SERVICES |
| Statement of responsibility, etc |
MESSIER,W.F |
| 942 ## - ADDED ENTRY ELEMENTS (KOHA) |
| Source of classification or shelving scheme |
|
| Item type |
Books |